| 000 | 00629nam a2200193Ia 4500 | ||
|---|---|---|---|
| 003 | GCL | ||
| 008 | 140319s9999 xx 000 0 ara d | ||
| 040 |
_aGCL / _cGCL |
||
| 082 | 0 | 4 |
_a811.009 _bر ق |
| 100 | 1 | _aرجاء عيد | |
| 245 | 1 | 0 |
_aالقول الشعرى: منظورات معاصرة / _cرجاء عيد |
| 300 | _a249 ص | ||
| 490 |
_aالهيئة العامة للاستعلامات _v0 |
||
| 650 | 0 | 4 | _aالاسلوب الادبى |
| 650 | 0 | 4 | _aالشعر العربى - تاريخ ونقد |
| 650 | 0 | 4 | _aالبلاغة العربية - تاريخ ونقد |
| 650 | 0 | 4 | _aالشعر - نظم |
| 942 |
_2ddc _cBK |
||
| 999 |
_c47771 _d47771 |
||